00729cam a2200229 4500001001300000003000400013005001700017008004100034010002300075025001900098050001600117100004500133245004400178260002200222300001800244350000900262500009300271504002800364650002000392711007000412999001700482sa 68013827 DLC20260227112626.0691210s1964 ii b 00010 eng  asa 68013827 //r882 aPL480:I-E-83000 aQE295b.M4410aMehta, D. R. S.q(Dev Raj Singh),d1917-10aGondwanas in India,cby D. R. S. Mehta.0 aNew Delhi,c1964. a21 p.c23 cm. a2.00 aAt head of title: International Geological Congress, Twenty-second session, India, 1964. aBibliography: p. 19-21. 0aGeologyzIndia.20aInternational Geological Congressn(22nd :d1964 :cDelhi, India) c85379d85379